MATHEMATICAL ANALYSIS FOR BUSINESS ECONOMICS AND THE LIFE AND SOCIAL SCIENCES / (Record no. 617263)

000 -LEADER
fixed length control field 00394nam a22001337a 4500
020 ## - INTERNATIONAL STANDARD BOOK NUMBER
Qualifying information PB.
040 ## - CATALOGING SOURCE
Transcribing agency FIZZA ISHAQ
082 ## - DEWEY DECIMAL CLASSIFICATION NUMBER
Classification number 515
Author Mark JAG
100 ## - MAIN ENTRY--PERSONAL NAME
Personal name ARYA,C.JAGDISH.
9 (RLIN) 134289
245 ## - TITLE STATEMENT
Title MATHEMATICAL ANALYSIS FOR BUSINESS ECONOMICS AND THE LIFE AND SOCIAL SCIENCES /
Statement of responsibility, etc. JAGDISH C.ARYA.
260 ## - PUBLICATION, DISTRIBUTION, ETC.
Place of publication, distribution, etc. NEW YORK ;
Name of publisher, distributor, etc. PRENTICE HALL,
Date of publication, distribution, etc. 1993.
300 ## - PHYSICAL DESCRIPTION
Extent 349 P. ;
Dimensions 11.2X8.8IN
942 ## - ADDED ENTRY ELEMENTS (KOHA)
Source of classification or shelving scheme
Koha item type Book
Holdings
Withdrawn status Lost status Source of classification or shelving scheme Damaged status Not for loan Permanent Location Current Location Shelving location Date acquired Total Checkouts Full call number Barcode Date last seen Price effective from Koha item type
          NUST Baluchistan Campus (NBC) NUST Baluchistan Campus (NBC) Text Books 04/29/2026   515 JAG QD-111 04/29/2026 04/29/2026 Book
© 2023 Central Library, National University of Sciences and Technology. All Rights Reserved.